Statistics for Family Guy Theme Song Lyrics

Click here to take the quiz!

General Stats

  • This quiz has been taken 1,083 times
  • The average score is 48 of 55

Answer Stats

Lyrics % Correct
a,
98%
a
98%
a
98%
guy!
97%
sex
97%
family
97%
guy!
97%
family
97%
TV.
97%
on
97%
and
96%
and
96%
to
95%
violence
94%
that
94%
all
94%
that
94%
all
94%
see,
94%
is
94%
movies,
93%
It
93%
you
92%
seems
92%
us,
90%
we
90%
today,
90%
old
88%
the
87%
in
87%
in
87%
values,
87%
good
86%
rely?
85%
But
85%
cry!
85%
where
85%
are
85%
used
84%
those
84%
which
84%
laugh
83%
He's,
82%
fashioned
81%
make
78%
there's
75%
things
75%
there's
75%
who,
74%
Lucky
74%
Lucky
74%
can
73%
man
73%
do,
71%
positively
68%

Score Distribution

Percentile by Number Answered

Percent of People with Each Score

Your Score History

You have not taken this quiz